[Event "Tournoi Skype 011B"]
[Site "Skype"]
[Date "????.??.??"]
[Round "5.10"]
[White "Coruble, Didier"]
[Black "Gabriele, Noel"]
[Result "0-1"]
[WhiteElo "1430"]
[BlackElo "1339"]
[PlyCount "48"]

1. Nf3 Nc6 2. e3 a6 3. Be2 e5 4. O-O e4 5. Ne1 d5 6. f3 Nf6 7. f4 Bc5 8. a3 O-O
9. b4 Bb6 10. Bb2 d4 11. f5 dxe3 12. d4 Bxd4 13. Bxd4 Nxd4 14. Bc4 Nxf5 15.
Qxd8 Rxd8 16. Nc3 Rd2 17. Bb3 Nd4 18. Nxe4 Nxe4 19. Bxf7+ Kh8 20. Bd5 Nf6 21.
Kh1 e2 22. Rf2 Rd1 23. Rf4 Rxa1 24. Rxd4 Rxe1# 0-1

[Event "Tournoi Skype 011B"]
[Site "Skype"]
[Date "????.??.??"]
[Round "5.11"]
[White "Mordaa, Ahmad"]
[Black "Alverson, Ginny"]
[Result "1-0"]
[WhiteElo "1426"]
[BlackElo "1313"]
[PlyCount "55"]

1. e4 c5 2. Nf3 d6 3. d4 cxd4 4. Nxd4 Bd7 5. Bc4 e6 6. Be3 Nf6 7. Nd2 Nc6 8.
O-O Be7 9. c3 Ne5 10. Be2 O-O 11. f4 Ng6 12. f5 exf5 13. exf5 Ne5 14. N2f3 Neg4
15. Qd3 Nd5 16. Bd2 Bf6 17. h3 Ne5 18. Nxe5 Bxe5 19. Nf3 Nf4 20. Bxf4 Bxf4 21.
Nd4 Qh4 22. Qf3 Bg3 23. Rad1 Rfe8 24. Bc4 Re4 25. Rd3 Rae8 26. Qxg3 Qh5 27. f6
R4e5 28. Qxg7# 1-0

[Event "Tournoi Skype 011B"]
[Site "Skype"]
[Date "????.??.??"]
[Round "5.12"]
[White "Picard, Mario"]
[Black "Rugman, Dan"]
[Result "0-1"]
[WhiteElo "1277"]
[BlackElo "1399"]
[PlyCount "74"]

1. Nf3 Nf6 2. g3 g6 3. Bg2 Bg7 4. d4 O-O 5. Nc3 d5 6. e3 c6 7. O-O Nbd7 8. Re1
b6 9. e4 c5 10. e5 Ng4 11. Nxd5 h5 12. Nf4 Qc7 13. h3 Bb7 14. d5 Ndxe5 15. hxg4
Nxg4 16. Bh3 Qd7 17. c4 Nxf2 18. Kxf2 f5 19. Nxg6 Rfe8 20. Ngh4 e6 21. Nxf5
exf5 22. Rxe8+ Rxe8 23. Nh4 Bd4+ 24. Kf1 Qf7 25. Nxf5 Bc8 26. g4 Qf6 27. Rb1
Rf8 28. Qf3 hxg4 29. Bxg4 Bxf5 30. Ke2 Qe5+ 31. Kf1 Bxg4 32. Qxf8+ Kxf8 33.
Bh6+ Kg8 34. Re1 Qf6+ 35. Kg2 Qxh6 36. Re8+ Kf7 37. Re6 Qh3# 0-1

[Event "Tournoi Skype 011B"]
[Site "Skype"]
[Date "????.??.??"]
[Round "5.13"]
[White "Lequeux, Pierre"]
[Black "Sauvaget, Joel"]
[Result "0-1"]
[WhiteElo "1108"]
[BlackElo "1399"]
[PlyCount "152"]

1. e4 e6 2. d4 d6 3. d5 Nc6 4. dxc6 bxc6 5. e5 d5 6. Nf3 Ne7 7. Bg5 h6 8. Bh4
Qd7 9. Bd3 a6 10. O-O c5 11. Nbd2 c4 12. Be2 Ng6 13. Bg3 Be7 14. h4 O-O 15. h5
Nh8 16. c3 Bb7 17. b3 cxb3 18. Nxb3 Rab8 19. Bh4 c5 20. Bxe7 Qxe7 21. Rb1 c4
22. Na5 Ba8 23. Qa4 f5 24. Nd4 Rbc8 25. Ndc6 Qf7 26. Rb6 Qc7 27. Rxa6 Nf7 28.
f4 Nd8 29. Nxd8 Rfxd8 30. Rxe6 Rb8 31. Nc6 Bxc6 32. Rxc6 Qd7 33. Qa6 Ra8 34.
Qb5 Rdb8 35. Qc5 Rxa2 36. Rd6 Qb7 37. Rb6 Qxb6 38. Qxb6 Rxb6 39. Bf3 Rb3 40.
Bxd5+ Kf8 41. Bxc4 Raa3 42. Bxb3 Rxb3 43. Rc1 Ke7 44. c4 Rb7 45. Rd1 Rc7 46.
Rc1 Kd7 47. c5 Rc6 48. Kf2 Ke6 49. Kf3 Kd5 50. g3 Rxc5 51. Rxc5+ Kxc5 52. g4
fxg4+ 53. Kg3 Kd5 54. Kxg4 Ke6 55. Kg3 Kf5 56. e6 Kxe6 57. Kg4 Kf6 58. f5 Ke5
59. f6 Kxf6 60. Kf4 Ke6 61. Kg4 Ke5 62. Kf3 Kf5 63. Kg3 Kg5 64. Kh3 Kxh5 65.
Kg3 g5 66. Kh3 g4+ 67. Kg3 Kg5 68. Kg2 h5 69. Kg3 h4+ 70. Kg2 Kf4 71. Kh2 Kf3
72. Kg1 Kg3 73. Kh1 Kh3 74. Kg1 g3 75. Kf1 Kh2 76. Ke2 g2 0-1

[Event "Tournoi Skype 011B"]
[Site "Skype"]
[Date "????.??.??"]
[Round "5.17"]
[White "Ouellet, Emile"]
[Black "Porcabeuf, Jean-Marc"]
[Result "0-1"]
[WhiteElo "1302"]
[BlackElo "1360"]
[PlyCount "54"]

1. e4 e6 2. c4 c5 3. Nc3 Nc6 4. Nf3 Nge7 5. Be2 Ng6 6. d3 Be7 7. O-O O-O 8. b3
b6 9. a4 a5 10. Bd2 Bb7 11. Qc1 Bd6 12. Nb5 Be7 13. Bh6 gxh6 14. Qxh6 Nce5 15.
Nc7 Nxf3+ 16. Bxf3 Qxc7 17. g3 Bf6 18. Rae1 Qe5 19. Qh3 Qb2 20. Bd1 Ne5 21. Re3
Kh8 22. f4 Ng6 23. f5 Bd4 24. Qg2 Qxg2+ 25. Kxg2 Bxe3 26. fxg6 fxg6 27. Rxf8+
Rxf8 0-1

[Event "Tournoi Skype 011B"]
[Site "Skype"]
[Date "????.??.??"]
[Round "5.18"]
[White "Farthouat, Titoine"]
[Black "Vincent, Andre"]
[Result "0-1"]
[WhiteElo "1150"]
[BlackElo "1433"]
[PlyCount "78"]

1. e4 c5 2. Nf3 Nc6 3. Bb5 d6 4. d4 cxd4 5. Nxd4 Bd7 6. Bxc6 bxc6 7. O-O e5 8.
Nf3 Be7 9. Nc3 Nf6 10. Bg5 Qc7 11. Qd2 Bg4 12. Nh4 Be6 13. Rad1 Rd8 14. Ne2
Nxe4 15. Qc3 Nxg5 16. Ng3 Qb6 17. Qa3 O-O 18. Ngf5 Bxf5 19. Nxf5 Qc7 20. Rd3
Qd7 21. Ne3 d5 22. Qc3 d4 23. Qd2 Ne4 24. Qd1 Nc5 25. Rd2 Bg5 26. Re1 Ne4 27.
Rd3 Qe6 28. Ng4 Qf5 29. c3 c5 30. cxd4 Rxd4 31. Ne3 Qxf2+ 32. Kh1 Bxe3 33. Rxd4
cxd4 34. Rf1 Qxb2 35. Re1 Nf2+ 36. Kg1 Nxd1+ 37. Kh1 Bf4 38. a4 Ne3 39. Rf1
Qxg2# 0-1

[Event "Tournoi Skype 011B"]
[Site "Skype"]
[Date "????.??.??"]
[Round "5.19"]
[White "Pedneault, Anne-Frederique"]
[Black "Blaevoet, Rebecca"]
[Result "0-1"]
[WhiteElo "1066"]
[BlackElo "1214"]
[PlyCount "60"]

1. e4 c5 2. Nf3 d6 3. d4 b6 4. d5 Nf6 5. Bb5+ Bd7 6. Nc3 a6 7. Be2 Nxe4 8. Nxe4
Bf5 9. Neg5 Bg6 10. O-O Qc7 11. Bd3 e6 12. dxe6 Be7 13. exf7+ Bxf7 14. Re1 O-O
15. Nxh7 Re8 16. Qe2 Nc6 17. Bg5 Bd8 18. Qd2 Be7 19. Bh4 d5 20. Nhg5 Bd6 21. g3
Re7 22. Nxf7 Rxf7 23. Ng5 Rf6 24. Re6 Raf8 25. Rae1 Rxf2 26. Re8 Rxd2 27. Bh7+
Kh8 28. Rf1 Rxe8 29. Bg6 Ree2 30. Rf7 Rd1+ 0-1

[Event "Tournoi Skype 011B"]
[Site "Skype"]
[Date "????.??.??"]
[Round "5.20"]
[White "Gagnon, Sindy"]
[Black "Grib, Jessica"]
[Result "1/2-1/2"]
[WhiteElo "1012"]
[BlackElo "1199"]
[PlyCount "56"]

1. d4 d5 2. Nf3 Nf6 3. e3 c6 4. Bd3 g6 5. O-O Bg7 6. Nbd2 h6 7. Re1 O-O 8. c3
Qc7 9. Ne5 Nbd7 10. Nef3 Ng4 11. h3 Ngf6 12. b3 b6 13. Ba3 c5 14. Qe2 Bb7 15.
c4 Rae8 16. cxd5 Nxd5 17. e4 Nf4 18. Qe3 Ne6 19. e5 cxd4 20. Nxd4 Nxe5 21. Bb5
Rd8 22. Rac1 Qb8 23. Bxe7 Nxd4 24. Bxf8 Kxf8 25. g4 Ndf3+ 26. Nxf3 Nxf3+ 27.
Kf1 Nh2+ 28. Ke2 a6 1/2-1/2

[Event "Tournoi Skype 011B"]
[Site "Skype"]
[Date "????.??.??"]
[Round "5.21"]
[White "Farthouat, Catherine"]
[Black "Lecluyse, Koenraad"]
[Result "0-1"]
[WhiteElo "1010"]
[BlackElo "1180"]
[PlyCount "58"]

1. e4 e5 2. Nf3 Nc6 3. Bb5 a6 4. Ba4 b5 5. Bb3 d6 6. d4 exd4 7. c4 dxc3 8. Nxc3
Bg4 9. Nd2 Bxd1 10. O-O Bxb3 11. axb3 Ne5 12. Nf3 Nxf3+ 13. gxf3 Qf6 14. Nd5
Qg6+ 15. Kh1 O-O-O 16. Rxa6 h5 17. Ra8+ Kd7 18. Ra5 c6 19. Nb6+ Kc7 20. Be3 h4
21. Rfa1 d5 22. Ra7+ Kd6 23. Bf4+ Ke6 24. e5 Bc5 25. Na8 Bxa7 26. Nc7+ Kd7 27.
Na6 h3 28. Bg3 Nh6 29. Bh4 Qg2# 0-1

[Event "Tournoi Skype 011B"]
[Site "Skype"]
[Date "????.??.??"]
[Round "5.23"]
[White "Letourneau, Judith"]
[Black "Coude, Josue"]
[Result "0-1"]
[WhiteElo "1000"]
[BlackElo "1104"]
[PlyCount "58"]

1. e4 e5 2. Nf3 Nc6 3. Bb5 d6 4. O-O a6 5. Bc4 b5 6. Bd5 Nge7 7. Bxc6+ Nxc6 8.
d3 Bg4 9. Be3 Be7 10. h3 Bh5 11. d4 Nxd4 12. Nc3 O-O 13. Bxd4 exd4 14. Qxd4 c5
15. Qd3 Bh4 16. g4 Bg6 17. b4 cxb4 18. Nd5 Rc8 19. Rac1 Re8 20. Qe3 Rc4 21. g5
Bxe4 22. Rfd1 Bxf3 23. Qxf3 Qxg5+ 24. Kf1 Qg6 25. Nc7 Rxc7 26. Qf4 Rce7 27.
Qxh4 Re2 28. Re1 Rxe1+ 29. Rxe1 Rxe1+ 0-1

[Event "Tournoi Skype 011B"]
[Site "Skype"]
[Date "????.??.??"]
[Round "5.24"]
[White "Steenkamp, Brandt"]
[Black "Melin, Christiane"]
[Result "0-1"]
[WhiteElo "1430"]
[BlackElo "1165"]
[PlyCount "44"]

1. e4 e5 2. Nf3 d6 3. Bc4 Be6 4. Bxe6 fxe6 5. O-O Nc6 6. Nc3 Nf6 7. b3 Be7 8.
Bb2 O-O 9. a4 a5 10. Nh4 Nxe4 11. Nxe4 Bxh4 12. Qh5 Rf4 13. Ng5 Rf5 14. Qxh7+
Kf8 15. Qh8+ Ke7 16. Qxg7+ Ke8 17. Qg8+ Kd7 18. Nf7 Qxg8 19. Nh6 Qg6 20. Nxf5
exf5 21. g3 Bg5 22. h4 Bxh4 0-1

[Event "Tournoi Skype 011B"]
[Site "Skype"]
[Date "????.??.??"]
[Round "6.1"]
[White "Briere, Jean"]
[Black "Hargez, Dany"]
[Result "1-0"]
[WhiteElo "1451"]
[BlackElo "1476"]
[PlyCount "93"]

1. e4 d5 2. exd5 Qxd5 3. Nc3 Qa5 4. d4 Nf6 5. Nf3 Bg4 6. h3 Bxf3 7. Qxf3 Nc6 8.
Be3 e6 9. Bb5 Nd5 10. Bxc6+ bxc6 11. Bd2 Bb4 12. O-O O-O 13. Rfd1 Rad8 14. a3
Bxc3 15. Bxc3 Nxc3 16. Qxc3 Qd5 17. Rd3 f5 18. Re1 Rf6 19. Re5 Qd6 20. Qc4 Rb8
21. b4 Rb5 22. Rde3 Rd5 23. c3 Rg6 24. Qe2 Rxe5 25. Rxe5 Kf7 26. Qh5 h6 27. f4
a6 28. g3 Qe7 29. Kf2 Qf6 30. a4 Ke7 31. Ra5 Kd6 32. Rxa6 Qf7 33. Ra5 Qf6 34.
Rc5 Kd7 35. a5 Kc8 36. Rxc6 Kb7 37. b5 Kb8 38. a6 Qf7 39. c4 Qe8 40. Ke3 Rxg3+
41. Qf3 Qh5 42. Qxg3 Qd1 43. Qf3 Qb3+ 44. Kf2 Qb2+ 45. Kg3 Qxd4 46. Rxe6 Qxc4
47. Qb7# 1-0

[Event "Tournoi Skype 011B"]
[Site "Skype"]
[Date "????.??.??"]
[Round "6.2"]
[White "Vervoort, Jean-Louis"]
[Black "Mulrooney, Justin"]
[Result "0-1"]
[WhiteElo "1291"]
[BlackElo "1465"]
[PlyCount "82"]

1. e4 e6 2. e5 d5 3. d4 Bd7 4. Nf3 c5 5. c3 Nc6 6. Bb5 Nxe5 7. Bxd7+ Nxd7 8.
O-O Ngf6 9. Bg5 Be7 10. Qc2 h6 11. Bxf6 Nxf6 12. Ne5 O-O 13. Nd2 cxd4 14. cxd4
Rc8 15. Qb3 Qb6 16. Qxb6 axb6 17. Rfc1 Bd6 18. a3 Bxe5 19. dxe5 Nd7 20. Nf3 Nc5
21. Rc3 Nd7 22. Rac1 Rxc3 23. bxc3 Nc5 24. c4 dxc4 25. Rxc4 Ra8 26. Rc2 Rxa3
27. h3 Kh7 28. Rc4 Ra4 29. Rc2 g6 30. Rb2 Ra6 31. Nd4 Nd3 32. Re2 Ra1+ 33. Kh2
Re1 34. g4 Rxe2 35. Nxe2 Nxe5 36. f4 Nc4 37. Nd4 Kg7 38. Kg3 Nd6 39. h4 h5 40.
g5 Nf5+ 41. Kh3 Nxd4 0-1

[Event "Tournoi Skype 011B"]
[Site "Skype"]
[Date "????.??.??"]
[Round "6.3"]
[White "Ramirez Reina, Orlando"]
[Black "Prasad Singh, Ambika"]
[Result "0-1"]
[WhiteElo "1447"]
[BlackElo "1284"]
[PlyCount "94"]

1. d4 Nf6 2. c4 e6 3. Nc3 Bb4 4. Bg5 d6 5. Qc2 Nbd7 6. Nf3 h6 7. Bh4 O-O 8. a3
Ba5 9. b4 Bb6 10. Na4 c6 11. Nxb6 Qxb6 12. e3 e5 13. dxe5 dxe5 14. Nxe5 Nxe5
15. c5 Qc7 16. Bg3 Bg4 17. Be2 Bxe2 18. Kxe2 Rfe8 19. Rhd1 Rad8 20. h3 Qe7 21.
Rd6 Rxd6 22. cxd6 Qxd6 23. Rd1 Qe7 24. Qc3 Ne4 25. Qd4 Nxg3+ 26. fxg3 Ng6 27.
Rd3 a6 28. Kf1 Nf8 29. Kg1 Ne6 30. Qd7 g6 31. Qxe7 Rxe7 32. Kf2 Kf8 33. Kf3 Ke8
34. g4 Rd7 35. Rxd7 Kxd7 36. Ke4 Kd6 37. h4 f6 38. g3 Nc7 39. Kd4 b5 40. e4
Ne6+ 41. Ke3 Ke5 42. g5 hxg5 43. hxg5 Nxg5 44. g4 Nxe4 45. Kf3 c5 46. bxc5 Nxc5
47. Ke3 a5 0-1

[Event "Tournoi Skype 011B"]
[Site "Skype"]
[Date "????.??.??"]
[Round "6.4"]
[White "Martin, Jean-Claude"]
[Black "Gharbi, Said"]
[Result "1-0"]
[WhiteElo "1272"]
[BlackElo "1355"]
[PlyCount "99"]

1. d4 Nf6 2. c4 e6 3. Nc3 d5 4. Nf3 Bb4 5. a3 Bxc3+ 6. bxc3 Ne4 7. Bb2 dxc4 8.
e3 b5 9. a4 Ba6 10. Qc2 Qd5 11. Be2 c5 12. axb5 Bxb5 13. Ra5 a6 14. O-O cxd4
15. Nxd4 Nd7 16. Nxb5 axb5 17. Rxa8+ Qxa8 18. Ra1 Qc6 19. Bf3 Ndc5 20. Bxe4
Nxe4 21. f3 Nc5 22. Ba3 O-O 23. Bb4 Rd8 24. Bxc5 Qxc5 25. Qe4 Qd5 26. Qd4 Qxd4
27. exd4 f6 28. Ra5 Rd5 29. Kf2 e5 30. Ke3 exd4+ 31. cxd4 f5 32. Ra8+ Kf7 33.
Ra7+ Kg6 34. g4 c3 35. Rc7 b4 36. Rc4 Rb5 37. Kd3 b3 38. gxf5+ Kxf5 39. Rc5+
Rxc5 40. dxc5 b2 41. Kc2 Ke5 42. c6 Kd4 43. c7 b1=Q+ 44. Kxb1 Ke3 45. c8=Q Kxf3
46. Qxc3+ Kg2 47. Qxg7+ Kxh2 48. Qxh7+ Kg2 49. Qe4+ Kg3 50. Kc2 1-0

[Event "Tournoi Skype 011B"]
[Site "Skype"]
[Date "????.??.??"]
[Round "6.5"]
[White "Cossalter, Maurizio"]
[Black "Gerbaux, Regis"]
[Result "0-1"]
[WhiteElo "1387"]
[BlackElo "1436"]
[PlyCount "54"]

1. Nf3 Nc6 2. d4 d5 3. c4 e6 4. e3 Nf6 5. Bd3 Bd6 6. Nc3 a6 7. a4 O-O 8. cxd5
exd5 9. O-O Re8 10. Qc2 Nb4 11. Qb1 h6 12. b3 Bg4 13. Be2 Ne4 14. Nxe4 dxe4 15.
h3 Bxf3 16. gxf3 Qg5+ 17. Kh1 Qh4 18. Kg2 Re6 19. Rh1 Rg6+ 20. Kf1 Qg5 21. Qxe4
Qg2+ 22. Ke1 Qxh1+ 23. Kd2 Qxh3 24. Qxb7 Rd8 25. Ba3 Nc6 26. Qxc6 Bb4+ 27. Bxb4
Rxc6 0-1

[Event "Tournoi Skype 011B"]
[Site "Skype"]
[Date "????.??.??"]
[Round "6.6"]
[White "Sauvaget, Joel"]
[Black "Milanese, Serge"]
[Result "1-0"]
[WhiteElo "1399"]
[BlackElo "1289"]
[PlyCount "47"]

1. e4 d5 2. e5 c5 3. Nf3 Nc6 4. c3 e6 5. d4 a6 6. Be2 Be7 7. O-O Nh6 8. Bxh6
gxh6 9. h3 Rg8 10. Nh2 Bd7 11. Bh5 Rg7 12. Nd2 cxd4 13. cxd4 Nxd4 14. Nb3 Nc6
15. Ng4 Bg5 16. f4 Qb6+ 17. Kh1 Ke7 18. fxg5 f5 19. exf6+ Kf8 20. fxg7+ Kxg7
21. Rf7+ Kg8 22. Nf6+ Kh8 23. Nxd7 Qc7 24. Qd3 1-0

[Event "Tournoi Skype 011B"]
[Site "Skype"]
[Date "????.??.??"]
[Round "6.7"]
[White "Gabriele, Noel"]
[Black "Prasad, Sanjay"]
[Result "1-0"]
[WhiteElo "1339"]
[BlackElo "1439"]
[PlyCount "63"]

1. e4 c5 2. d4 d6 3. d5 e6 4. Nc3 exd5 5. exd5 Nf6 6. h3 Be7 7. Nf3 h6 8. Bd3
a6 9. O-O O-O 10. Re1 Re8 11. Re3 Bd7 12. Qe2 b5 13. b3 Qc7 14. Be4 c4 15. bxc4
Qxc4 16. Qxc4 bxc4 17. Nd2 Nxe4 18. Ndxe4 Bf5 19. Nxd6 Rd8 20. Nxf5 Bg5 21. Rg3
g6 22. Nxh6+ Bxh6 23. Bxh6 Rd6 24. Re1 Nd7 25. Bf4 Rf6 26. Bg5 Rf5 27. Re7 Nf6
28. Bxf6 Rxf6 29. Rge3 Rb8 30. Re8+ Rxe8 31. Rxe8+ Kh7 32. Ne4 1-0

[Event "Tournoi Skype 011B"]
[Site "Skype"]
[Date "????.??.??"]
[Round "6.10"]
[White "Rugman, Dan"]
[Black "Ryan, Lea"]
[Result "1-0"]
[WhiteElo "1399"]
[BlackElo "1282"]
[PlyCount "53"]

1. c4 e5 2. Nc3 Nc6 3. g3 d6 4. Bg2 Bf5 5. e4 Bg6 6. d3 Nf6 7. Nge2 a6 8. a4 h6
9. O-O Be7 10. f4 Qd7 11. Nd5 Nxd5 12. exd5 Nd4 13. Nxd4 exd4 14. g4 Bh4 15. f5
Bh7 16. Rf4 O-O 17. Qf1 Rae8 18. f6 Bxf6 19. Bd2 Re7 20. Be4 Rfe8 21. Rxf6 gxf6
22. Qxf6 Qxg4+ 23. Kf2 Qh3 24. Rg1+ Bg6 25. Rxg6+ fxg6 26. Qxg6+ Kf8 27. Bxh6+
1-0

[Event "Tournoi Skype 011B"]
[Site "Skype"]
[Date "????.??.??"]
[Round "6.11"]
[White "Capdeville, Jean"]
[Black "Baker, Abi"]
[Result "1/2-1/2"]
[WhiteElo "1384"]
[BlackElo "1034"]
[PlyCount "80"]

1. e4 e6 2. f4 d5 3. e5 c5 4. Bb5+ Bd7 5. Bxd7+ Qxd7 6. d4 Nc6 7. Nf3 Nge7 8.
Be3 Nf5 9. Bf2 g6 10. Qd2 Bg7 11. Qc3 b6 12. Nbd2 O-O 13. dxc5 b5 14. a3 d4 15.
Qd3 a6 16. Nb3 Rad8 17. O-O f6 18. Rfe1 Qd5 19. Qe4 Qc4 20. Nbxd4 Ncxd4 21.
Nxd4 Nxd4 22. Rad1 fxe5 23. fxe5 Rf5 24. Rxd4 Rxd4 25. Bxd4 Bxe5 26. Bxe5 Qxc5+
27. Bd4 Qd5 28. Qxd5 Rxd5 29. b3 Rxd4 30. Rxe6 Kf7 31. Rxa6 Rd1+ 32. Kf2 Rd2+
33. Kf3 Rxc2 34. b4 g5 35. h3 h5 36. g4 h4 37. Ra5 Ke6 38. Rxb5 Rc3+ 39. Kg2
Rxa3 40. Rc5 Ra2+ 1/2-1/2

[Event "Tournoi Skype 011B"]
[Site "Skype"]
[Date "????.??.??"]
[Round "6.13"]
[White "Porcabeuf, Jean-Marc"]
[Black "Armingaud, Jean-Claude"]
[Result "1-0"]
[WhiteElo "1360"]
[BlackElo "1170"]
[PlyCount "45"]

1. d4 d5 2. c4 dxc4 3. e4 e5 4. d5 Nf6 5. Nc3 Bb4 6. a3 Bxc3+ 7. bxc3 Nxe4 8.
Bb2 Qf6 9. Nf3 Bg4 10. Be2 O-O 11. O-O Nd7 12. h3 Bxf3 13. Bxf3 Ng5 14. Bg4 Nc5
15. Qe2 Nge4 16. Qxc4 Nd2 17. Qxc5 Nxf1 18. Rxf1 e4 19. Qxc7 Rab8 20. Ba1 Qa6
21. c4 Qxa3 22. Qe5 Rfe8 23. Qxg7# 1-0

[Event "Tournoi Skype 011B"]
[Site "Skype"]
[Date "????.??.??"]
[Round "6.14"]
[White "Martin, Elise"]
[Black "Coruble, Didier"]
[Result "0-1"]
[WhiteElo "1217"]
[BlackElo "1430"]
[PlyCount "64"]

1. d4 b6 2. c4 Bb7 3. e3 c6 4. Nf3 d6 5. Nc3 Nd7 6. Qc2 Qc7 7. Bd3 O-O-O 8. Ng5
Nh6 9. e4 e5 10. Nf3 Re8 11. Be3 f6 12. h3 Nf7 13. O-O h6 14. Nh4 g5 15. Ng6
Rg8 16. Nxf8 Nxf8 17. Qe2 Ne6 18. Qf3 exd4 19. Bxd4 Nxd4 20. Qxf6 Ne5 21. Rad1
Ref8 22. Qxh6 g4 23. Bb1 gxh3 24. Qxh3+ Kb8 25. Rxd4 Nf3+ 26. Kh1 Rh8 27. Rd3
Rxh3+ 28. gxh3 Qh7 29. Kg2 Qg7+ 30. Kh1 d5 31. cxd5 Rg8 32. Rg1 Qxg1# 0-1

[Event "Tournoi Skype 011B"]
[Site "Skype"]
[Date "????.??.??"]
[Round "6.15"]
[White "Vincent, Andre"]
[Black "Dupere, Francois"]
[Result "1-0"]
[WhiteElo "1433"]
[BlackElo "1205"]
[PlyCount "75"]

1. d4 e6 2. c4 Nf6 3. Nc3 h6 4. Nf3 c6 5. e4 Bb4 6. Bd3 d6 7. O-O Bxc3 8. bxc3
Nbd7 9. Bf4 Qa5 10. Qb3 Qc7 11. c5 e5 12. dxe5 dxe5 13. Be3 O-O 14. c4 Re8 15.
a4 Rb8 16. Qc3 b5 17. cxb5 cxb5 18. axb5 Ng4 19. Qa5 Qxa5 20. Rxa5 Nxe3 21.
fxe3 Nxc5 22. Bc2 Ra8 23. b6 Nb7 24. Rxa7 Rxa7 25. bxa7 Bd7 26. Nxe5 Be6 27.
Rb1 Ra8 28. Rxb7 Rxa7 29. Rxa7 Kh7 30. Nxf7 Bxf7 31. Rxf7 Kg6 32. Rf3 h5 33.
e5+ Kg5 34. e6 h4 35. h3 g6 36. e7 Kh5 37. e8=Q Kg5 38. Qxg6# 1-0

[Event "Tournoi Skype 011B"]
[Site "Skype"]
[Date "????.??.??"]
[Round "6.16"]
[White "Alverson, Ginny"]
[Black "Lequeux, Pierre"]
[Result "0-1"]
[WhiteElo "1313"]
[BlackElo "1108"]
[PlyCount "86"]

1. Nf3 e6 2. d4 d5 3. Nc3 Nf6 4. e3 c6 5. Be2 Bb4 6. Bd2 O-O 7. O-O Bxc3 8.
Bxc3 Ne4 9. Bd3 g6 10. Ne5 Nxc3 11. bxc3 Nd7 12. Nxd7 Bxd7 13. Qg4 e5 14. Qe2
e4 15. Bxe4 dxe4 16. Qc4 Be6 17. Qb4 b5 18. Qc5 Qd5 19. Qe7 Rfe8 20. Qf6 Qf5
21. Qh4 g5 22. Qg3 h6 23. f4 g4 24. Qh4 Kh7 25. g3 Bc4 26. Rf2 f6 27. Rd2 Bf7
28. c4 Qh5 29. Qxf6 Bxc4 30. Qxc6 Rec8 31. Qd7+ Bf7 32. Qb7 a6 33. Qxe4+ Bg6
34. Qe7+ Kh8 35. Qf6+ Kg8 36. Qe6+ Bf7 37. Qf6 Qg6 38. Qe5 Re8 39. Qc7 Rxe3 40.
Kf2 Qe6 41. d5 Qe4 42. d6 Rf3+ 43. Kg2 Rd3+ 0-1

[Event "Tournoi Skype 011B"]
[Site "Skype"]
[Date "????.??.??"]
[Round "6.17"]
[White "Lecluyse, Koenraad"]
[Black "Picard, Mario"]
[Result "0-1"]
[WhiteElo "1180"]
[BlackElo "1277"]
[PlyCount "102"]

1. d4 d5 2. Nf3 Nc6 3. e3 Nf6 4. Bd3 e6 5. O-O g6 6. c3 Bg7 7. Re1 O-O 8. Nbd2
Re8 9. e4 dxe4 10. Nxe4 e5 11. Nxf6+ Bxf6 12. Be4 exd4 13. Bxc6 bxc6 14. Rxe8+
Qxe8 15. cxd4 Bg4 16. Be3 Qe7 17. h3 Be6 18. Rc1 Qd7 19. b3 Rd8 20. Ne5 Bxe5
21. dxe5 Qxd1+ 22. Rxd1 Rxd1+ 23. Kh2 Rd5 24. f4 Rd3 25. Bc5 Rd2 26. a4 Ra2 27.
Bxa7 Bd5 28. Kg3 Rxg2+ 29. Kh4 Rb2 30. Bb8 Rxb3 31. Bxc7 c5 32. Ba5 Ra3 33. Kg5
Rxa4 34. Bc3 Ra6 35. h4 Ra3 36. Bb2 Rg3+ 37. Kf6 Rg4 38. Bc1 Rxh4 39. Be3 c4
40. f5 gxf5 41. Kxf5 c3 42. Kg5 Re4 43. Bf4 c2 44. Kf5 Re1 45. Bd2 c1=Q 46.
Bxc1 Rxc1 47. Kg5 Kg7 48. Kf5 Re1 49. Kf4 Kg6 50. Kg4 h5+ 51. Kh4 Rxe5 0-1

[Event "Tournoi Skype 011B"]
[Site "Skype"]
[Date "????.??.??"]
[Round "6.18"]
[White "Coude, Josue"]
[Black "Blaevoet, Rebecca"]
[Result "0-1"]
[WhiteElo "1104"]
[BlackElo "1214"]
[PlyCount "70"]

1. e4 e5 2. Nf3 d6 3. Bc4 Be7 4. d3 a6 5. a4 Nf6 6. Nc3 O-O 7. O-O Nbd7 8. Be3
h6 9. Qe2 b5 10. axb5 Nb6 11. Bb3 Bg4 12. bxa6 Bh5 13. h3 Re8 14. g4 Qd7 15.
gxh5 Nxh5 16. Kh2 Bd8 17. Rg1 Re6 18. Bxe6 Qxe6 19. Bxh6 Qxh6 20. Qe3 Qxe3 21.
fxe3 c5 22. d4 Nc4 23. dxc5 dxc5 24. b4 cxb4 25. Nd5 Kf8 26. Nxe5 Nxe5 27. Nxb4
Bb6 28. Rae1 Nf3+ 29. Kh1 Nxe1 30. Rxe1 Ng3+ 31. Kg2 Nxe4 32. Ra1 Bxe3 33. Nd5
Bd4 34. Ra4 Nc5 35. a7 Nxa4 0-1

[Event "Tournoi Skype 011B"]
[Site "Skype"]
[Date "????.??.??"]
[Round "6.20"]
[White "Gagnon, Sindy"]
[Black "Ouellet, Emile"]
[Result "0-1"]
[WhiteElo "1012"]
[BlackElo "1302"]
[PlyCount "38"]

1. d4 d5 2. e3 e6 3. Bd3 c5 4. Ne2 Nc6 5. O-O Be7 6. Bd2 c4 7. Nbc3 Nf6 8. Ng3
cxd3 9. cxd3 O-O 10. Re1 Bb4 11. e4 Bxc3 12. Bxc3 e5 13. dxe5 Ng4 14. Qa4 Ngxe5
15. exd5 Qxd5 16. d4 b5 17. Qc2 Nxd4 18. Bxd4 Bb7 19. Nf5 Qxg2# 0-1

[Event "Tournoi Skype 011B"]
[Site "Skype"]
[Date "????.??.??"]
[Round "6.21"]
[White "Grib, Jessica"]
[Black "Farthouat, Titoine"]
[Result "0-1"]
[WhiteElo "1199"]
[BlackElo "1150"]
[PlyCount "38"]

1. e4 e6 2. Nc3 d5 3. d3 dxe4 4. Nxe4 Bb4+ 5. c3 Bd6 6. Nf3 Nc6 7. Be3 e5 8. d4
Bg4 9. Be2 exd4 10. cxd4 Bb4+ 11. Nc3 Nf6 12. O-O Qd7 13. h3 Bh5 14. Kh2 O-O
15. Rg1 Ba5 16. Ne5 Qd6 17. Bxh5 Nxe5 18. Nb5 Nf3+ 19. Kh1 Qh2# 0-1

[Event "Tournoi Skype 011B"]
[Site "Skype"]
[Date "????.??.??"]
[Round "6.22"]
[White "Melin, Christiane"]
[Black "Farthouat, Catherine"]
[Result "1-0"]
[WhiteElo "1165"]
[BlackElo "1010"]
[PlyCount "75"]

1. e4 e6 2. d4 d5 3. exd5 exd5 4. Nf3 Nc6 5. c3 Bg4 6. Bg5 Nf6 7. Be2 Be7 8.
O-O O-O 9. Nbd2 Re8 10. h3 Bh5 11. Bb5 a6 12. Bd3 Bxf3 13. Nxf3 b5 14. b3 Na5
15. b4 Nd7 16. Bxe7 Rxe7 17. bxa5 Qe8 18. Re1 Nf6 19. Re2 Nh5 20. Qe1 Nf4 21.
Rxe7 Qxe7 22. Qxe7 h5 23. Bf5 Ne2+ 24. Qxe2 g6 25. Bd7 Rd8 26. Ng5 Rxd7 27.
Qe8+ Kg7 28. Qxd7 Kf6 29. Nh7+ Kg7 30. Ng5 Kf6 31. Qxd5 c6 32. Qxc6+ Kxg5 33.
Re1 f5 34. Re6 Kf4 35. Rxg6 h4 36. f3 b4 37. Qf6 b3 38. Qg5# 1-0

[Event "Tournoi Skype 011B"]
[Site "Skype"]
[Date "????.??.??"]
[Round "6.23"]
[White "Rival, Jocelyn"]
[Black "Letourneau, Judith"]
[Result "1-0"]
[WhiteElo "1122"]
[BlackElo "1000"]
[PlyCount "67"]

1. e4 e5 2. Bc4 Nc6 3. Qf3 Nf6 4. d4 exd4 5. Qb3 Bd6 6. Nf3 O-O 7. Nxd4 Nxd4 8.
Bg5 b6 9. Qd3 Re8 10. Qxd4 Bb4+ 11. c3 Bxc3+ 12. Nxc3 d6 13. Bb3 Bf5 14. O-O
Qd7 15. exf5 Qxf5 16. Bh4 a5 17. Ba4 Rf8 18. Nb5 Rac8 19. Na7 Ra8 20. Nc6 h6
21. Ne7+ Kh8 22. Nxf5 g6 23. Qxf6+ Kg8 24. Rfe1 Rfe8 25. Qc3 gxf5 26. Rec1 f4
27. Qc6 Red8 28. Qxc7 Re8 29. Qd7 Rad8 30. Bxd8 Rxd8 31. Qf5 d5 32. Rc7 d4 33.
Qxf7+ Kh8 34. Qg7# 1-0

[Event "Tournoi Skype 011B"]
[Site "Skype"]
[Date "????.??.??"]
[Round "6.24"]
[White "Marty, Yvette"]
[Black "Pedneault, Anne-Frederique"]
[Result "0-1"]
[WhiteElo "1000"]
[BlackElo "1066"]
[PlyCount "46"]

1. e4 e5 2. Nf3 Nc6 3. d4 d5 4. Nc3 Nf6 5. dxe5 Nxe4 6. Nxe4 Bg4 7. Qd3 Nb4 8.
Qb3 dxe4 9. Bd2 exf3 10. gxf3 Be6 11. Bc4 Bxc4 12. f4 Bxb3 13. axb3 Nxc2+ 14.
Ke2 Nxa1 15. Rxa1 Qe7 16. Be3 Rd8 17. Bxa7 Qd7 18. Be3 Qd3+ 19. Kf3 Qd5+ 20.
Ke2 Qb5+ 21. Kf3 Qxb3 22. Rb1 Qc2 23. Bc1 Qxb1 0-1